书目信息 |
| 题名: |
摄影用光500技
|
|
| 作者: | 阿什福德 编著 ;李程 译 | |
| 分册: | ||
| 出版信息: | 北京 中国青年出版社 2015 |
|
| 页数: | 127页 | |
| 开本: | 20×23cm | |
| 丛书名: | ||
| 单 册: | ||
| 中图分类: | TB811 | |
| 科图分类: | ||
| 主题词: | 摄影光学 | |
| 电子资源: | ||
| ISBN: | 978-7-5153-2752-5 | |
| 000 | 01024nam0 2200253 450 | |
| 001 | 012015000213 | |
| 005 | 20151130102102.48 | |
| 010 | @a978-7-5153-2752-5@dCNY49.00 | |
| 100 | @a20150106d2015 em y0chiy50 ea | |
| 101 | 1 | @achi@ceng |
| 102 | @aCN@b110000 | |
| 105 | @aa z 001yy | |
| 106 | @ar | |
| 200 | 1 | @a摄影用光500技@Ashe ying yong guang 500 ji@f(英)罗德·阿什福德编著@g李程译 |
| 205 | @a2版 | |
| 210 | @a北京@c中国青年出版社@d2015 | |
| 215 | @a127页@c照片@d20×23cm | |
| 330 | @a本书共6章,第一章介绍了器材(相机如何记录你所拍摄的画面),以及每天的日光质量;第二章讲解光的特性,包括光的色彩和亮度;第三章将器材和光线结合在一起,主要介绍如何在日光下拍摄;第四章讲解了人造光源的每一个种类;第五章介绍了12个简单易学的用光项目,第六章介绍了如何在电脑上使用图像编辑软件进行光线的后期处理等内容。 | |
| 606 | 0 | @a摄影光学 |
| 690 | @aTB811@v5 | |
| 701 | 1 | @c(英)@a阿什福德@Aa shi fu de@c(Ashford, Rod)@4编著 |
| 702 | 0 | @a李程@Ali cheng@4译 |
| 801 | 0 | @aCN@b碧洲教育@c20151127 |
| 905 | @a10447@f4@dTB811@e155=2 | |
| 摄影用光500技/(英)罗德·阿什福德编著/李程译.-2版.-北京:中国青年出版社,2015 |
| 127页:照片;20×23cm |
| ISBN 978-7-5153-2752-5:CNY49.00 |
| 本书共6章,第一章介绍了器材(相机如何记录你所拍摄的画面),以及每天的日光质量;第二章讲解光的特性,包括光的色彩和亮度;第三章将器材和光线结合在一起,主要介绍如何在日光下拍摄;第四章讲解了人造光源的每一个种类;第五章介绍了12个简单易学的用光项目,第六章介绍了如何在电脑上使用图像编辑软件进行光线的后期处理等内容。 |
| ● |
| 相关链接 |
|
|
|
|
正题名:摄影用光500技
索取号:TB811/155=2
 
预约/预借
| 序号 | 登录号 | 条形码 | 馆藏地/架位号 | 状态 | 备注 |
| 1 | 0871361 | 208713613 | 第二样本阅览室/ [索取号:TB811/155=2] | 在馆 | |
| 2 | 0871362 | 208713622 | 第三借阅区/ [索取号:TB811/155=2] | 在馆 | |
| 3 | 0871363 | 208713631 | 第三借阅区/ [索取号:TB811/155=2] | 在馆 | |
| 4 | 0871364 | 208713640 | 第三借阅区/ [索取号:TB811/155=2] | 在馆 |